| 000 | 01124nam a22003977a 4500 | ||
|---|---|---|---|
| 001 | BR7400707 | ||
| 003 | BR-BrBNA | ||
| 005 | 20230928084524.0 | ||
| 007 | ta | ||
| 008 | 230509b bl.||||| |||| 00| 0 por d | ||
| 040 |
_aBR-BrBNA _bpor _cBiblioteca Nacional de Agricultura |
||
| 041 | _a(Por) | ||
| 072 |
_aF25; F30; H00 _b0150 _b/G514 |
||
| 090 | _ 0150 BR7400707 | ||
| 110 | 1 |
_aInstituto Rio Grandense do Arroz, Cachoeirinha (Brasil). Estacao Experimental do Arroz _96570 |
|
| 245 | 1 | _aPlano de pesquisa e experimentacao safra 1970-71 [Estacao Experimental do Arroz] | |
| 260 | 3 |
_aCachoeirinha, RS (Brasil): _c[nd]. |
|
| 300 | _a115 p. | ||
| 500 | _aPublished 1970? | ||
| 650 | _aARROZ | ||
| 650 | _aGENETICA VEGETAL | ||
| 650 | _aARROZ HIBRIDO | ||
| 650 | _aCRUZAMENTO | ||
| 650 | _aVARIEDADE | ||
| 650 | _aSEMEADURA | ||
| 650 | _aEPOCA DE SEMEADURA | ||
| 650 | _aADUBO | ||
| 650 | _aNITROGENIO | ||
| 650 | _aHERBICIDA | ||
| 650 | _aTRATAMENTO DE SEMENTE | ||
| 650 | _aSEMENTE | ||
| 650 | _aBRUSONE | ||
| 650 | _aRIO GRANDE DO SUL | ||
| 909 |
_a202309 _bLucia _c55 _dLucia Elande |
||
| 942 | _cBK | ||
| 999 |
_c19516 _d19516 |
||